• 首页
  • 本馆介绍
  • 公告通知
  • 最新文献
  • 馆藏检索
  • 电子资源
  • 读者导购
  • 参考咨询
  • 我的图书馆
  • 登录
  • 详细信息显示
  • 放入我的书架
  • 预约/预借图书
  • 作者相关作品
  • 分类相关作品
  • 丛书相关作品
  • 出版社相关作品

书目信息

  • 表格格式
  • 工作单格式
  • 卡片格式
题名:
食品营养与卫生学
    
 
作者: 周文化 , 刘绍 主编
分册:  
出版信息: 长沙   中南大学出版社  2020.1
页数: 349页
开本: 26cm
丛书名:
单 册:
中图分类: R151.3 , R155.5
科图分类:
主题词: 食品营养--高等学校--教材 , 食品卫生学--高等学校--教材 , 食品营养 , 食品卫生学
电子资源:
ISBN: 978-7-5487-0722-6
000 01272nam0 2200301 45
001 012001002209
005 20140913142840.0
010    @a978-7-5487-0722-6@dCNY48.00
100    @a20130418d2013 em y0chiy50 ea
101 0  @achi
102    @aCN@b430000
105    @aa z 000yy
106    @ar
200 1  @a食品营养与卫生学@Ashi pin ying yang yu wei sheng xue@b专著@f周文化,刘绍主编
210    @a长沙@c中南大学出版社@d2020.1
215    @a349页@c图@d26cm
300    @a高等院校食品专业“十二五”规划教材
330    @a本书全面阐述了食品营养学和食品卫生学的基础理论和实际应用。在系统介绍食品营养与食品卫生的主要概念、研究内容、发展历程及我国在食品营养与食品卫生方面的现状及发展趋势的基础上,详细介绍了食物消化吸收与能量平衡,人体需要的六大营养素——蛋白质、脂类、碳水化合物、矿物质、维生素和水的生理功能以及各类食品的营养价值,并以现代营养学理论为指导,介绍了膳食结构和膳食平衡、营养与疾病防治、食品的营养强化等知识。
606 0  @a食品营养@x高等学校@j教材
606 0  @a食品卫生学@x高等学校@j教材
606 0  @a食品营养
606 0  @a食品卫生学
690    @aR151.3@v5
690    @aR155.5@v5
701  0 @a周文化@Azhou wen hua@f(1969 )@4主编
701  0 @a刘绍@Aliu shao@f(1968 )@4主编
801  0 @aCN@bBJSDL@c20211011
905    @b1338852-5@dR151.3@e142@f4
    
    食品营养与卫生学/周文化,刘绍主编.-长沙:中南大学出版社,2020.1
    349页:图;26cm
    高等院校食品专业“十二五”规划教材
    
    ISBN 978-7-5487-0722-6:CNY48.00
    本书全面阐述了食品营养学和食品卫生学的基础理论和实际应用。在系统介绍食品营养与食品卫生的主要概念、研究内容、发展历程及我国在食品营养与食品卫生方面的现状及发展趋势的基础上,详细介绍了食物消化吸收与能量平衡,人体需要的六大营养素——蛋白质、脂类、碳水化合物、矿物质、维生素和水的生理功能以及各类食品的营养价值,并以现代营养学理论为指导,介绍了膳食结构和膳食平衡、营养与疾病防治、食品的营养强化等知识。
●
相关链接 在E读中查询图书 在五车中查询图书 在当当中查询图书 在豆瓣中查询图书


正题名:食品营养与卫生学     索取号:R151.3/142         预约/预借

序号 登录号 条形码 馆藏地/架位号 状态 备注
1 1338852   213388528   第二样本阅览室/ [索取号:R151.3/142] 在馆    
2 1338853   213388537   第三借阅区/ [索取号:R151.3/142] 在馆    
3 1338854   213388546   第三借阅区/ [索取号:R151.3/142] 在馆    
4 1338855   213388555   第三借阅区/ [索取号:R151.3/142] 在馆    
唐山师范学院图书馆 欢迎您!
大连网信软件有限公司© 版权所有